000 00503nam a22002057a 4500
003 bpm
005 20260407103910.0
008 260407b |||||||| |||| 00| 0 spa d
020 _a9789505461844
024 _aS. C. C. / M. C. y E. M.:
040 _aAR-CtUCP
041 _aspa
080 _aCDU
100 _aZini Julián
245 _aMemoria de Sangre Tomo II
260 _aBuenos Aires
_bPatria grande
_c2008
650 _aLiteratura - Narrativa - Ensayo
942 _cLIB
999 _c76615
_d76615